Introducing psychology : (Record no. 95791)

MARC details
000 -LEADER
fixed length control field 01162nam a22003017a 4500
005 - DATE AND TIME OF LATEST TRANSACTION
control field 20180309145207.0
010 ## - LCCN (DPL NO)
LC control number 1516ENO7 ENG-114942
020 ## - INTERNATIONAL STANDARD BOOK NUMBER
International Standard Book Number 9789332544901
Terms of availability 895.00
035 ## - SYSTEM CONTROL NUMBER
System control number EN- 98474
035 ## - SYSTEM CONTROL NUMBER
System control number B-610952-969
035 ## - SYSTEM CONTROL NUMBER
System control number B-663866
037 ## - SOURCE OF ACQUISITION
Stock number DPL
Source of stock number/acquisition UBH
037 ## - SOURCE OF ACQUISITION
Source of stock number/acquisition DBAD/PUB
037 ## - SOURCE OF ACQUISITION
Source of stock number/acquisition Bookwell
Stock number Dpl
082 ## - DEWEY DECIMAL CLASSIFICATION NUMBER
Classification number 150
100 ## - MAIN ENTRY--PERSONAL NAME
Personal name Kosslyn, Stephen M.
245 ## - TITLE STATEMENT
Title Introducing psychology :
Remainder of title brain, person,group /
Statement of responsibility, etc by Stephen M.Kosslyn [and] Robin S. Rosenberg
250 ## - EDITION STATEMENT
Edition statement 4th ed
260 ## - PUBLICATION, DISTRIBUTION, ETC. (IMPRINT)
Place of publication, distribution, etc Noida
Name of publisher, distributor, etc Pearson Education
Date of publication, distribution, etc 2015
270 ## - ADDRESS
Address 11 Community Center, Panchsheel Park
City Noida
Postal code 110017
300 ## - PHYSICAL DESCRIPTION
Extent 518p.:
Other physical details ill.
Dimensions 27cm(pbk)
500 ## - GENERAL NOTE
General note Includes bibliographical references and index
650 ## - SUBJECT ADDED ENTRY--TOPICAL TERM
Topical term or geographic name as entry element Psychology
Form subdivision Textbooks.
700 ## - ADDED ENTRY--PERSONAL NAME
Personal name Rosenberg, Robin S.
942 ## - ADDED ENTRY ELEMENTS (KOHA)
Source of classification or shelving scheme Dewey Decimal Classification
Item type English Books
Call number suffix KOS
Classification part 150
Holdings
Withdrawn status Lost status Not for loan Collection code Home library Current library Date acquired Source of acquisition Cost, normal purchase price Full call number Barcode Copy number Cost, replacement price Koha item type
      Non-fiction Andrews Gunj Andrews Gunj 25/04/2016 082/1.10.2015/145/16.9.2015/28.10.2015 895.00 150 KOS B-610962 1 895.00 English Books
      Non-fiction Ashok Vihar Ashok Vihar 09/03/2018 Bookwell/1032/25.2.2017/EN/AV/405/15.2.2017/1.3.2017 895.00 150 KOS B-663866 1 895.00 English Books
      Non-fiction Bawana Bawana 25/04/2016 082/1.10.2015/145/16.9.2015/28.10.2015 895.00 150 KOS B-610968 1 895.00 English Books
      Non-fiction Central Library Central Library 25/04/2016 082/1.10.2015/145/16.9.2015/28.10.2015 895.00 150 KOS B-610952 2 895.00 English Books
      Non-fiction Central Library Central Library 25/04/2016 082/1.10.2015/145/16.9.2015/28.10.2015 895.00 150 KOS B-610953 2 895.00 English Books
    Not For Loan Non-fiction D.B.Act.Division D.B.Act.Division 17/02/2016 DBAD/PUB 895.00 150 KOS EN-98474 1 895.00 English Books
      Non-fiction Janak Puri Janak Puri 25/04/2016 082/1.10.2015/145/16.9.2015/28.10.2015 895.00 150 KOS B-610958 1 895.00 English Books
      Non-fiction Karol Bagh Karol Bagh 25/04/2016 082/1.10.2015/145/16.9.2015/28.10.2015 895.00 150 KOS B-610966 1 895.00 English Books
  Written-off vide DLB M. No. 383 dt 16.05.19   Non-fiction Narela Narela 25/04/2016 082/1.10.2015/145/16.9.2015/28.10.2015 895.00 150 KOS B-610967 1 895.00 English Books
      Non-fiction New Police Line New Police Line 25/04/2016 082/1.10.2015/145/16.9.2015/28.10.2015 895.00 150 KOS B-610954 1 895.00 English Books
  Written-off vide DLB M. No. 383 dt 16.05.19   Non-fiction Patel Nagar Patel Nagar 25/04/2016 082/1.10.2015/145/16.9.2015/28.10.2015 895.00 150 KOS B-610955 1 895.00 English Books
      Non-fiction Peshwa Road Peshwa Road 25/04/2016 082/1.10.2015/145/16.9.2015/28.10.2015 895.00 150 KOS B-610957 1 895.00 English Books
      Non-fiction R.K.Puram-8 R.K.Puram-8 25/04/2016 082/1.10.2015/145/16.9.2015/28.10.2015 895.00 150 KOS B-610961 1 895.00 English Books
      Non-fiction Sarojini Nagar Sarojini Nagar 25/04/2016 082/1.10.2015/145/16.9.2015/28.10.2015 895.00 150 KOS B-610959 1 895.00 English Books
      Non-fiction Sarojini Nagar Sarojini Nagar 25/04/2016 082/1.10.2015/145/16.9.2015/28.10.2015 895.00 150 KOS B-610960 1 895.00 English Books
      Non-fiction Sarojini Nagar Sarojini Nagar 25/04/2016 082/1.10.2015/145/16.9.2015/28.10.2015 895.00 150 KOS B-610963 1 895.00 English Books
      Non-fiction Qila Rai Pithora Sarojini Nagar 25/04/2016 082/1.10.2015/145/16.9.2015/28.10.2015 895.00 150 KOS B-610964 1 895.00 English Books
      Non-fiction Shahdara Branch Shahdara Branch 25/04/2016 082/1.10.2015/145/16.9.2015/28.10.2015 895.00 150 KOS B-610969 1 895.00 English Books
      Non-fiction Tri Nagar Tri Nagar 25/04/2016 082/1.10.2015/145/16.9.2015/28.10.2015 895.00 150 KOS B-610956 1 895.00 English Books
      Non-fiction Vinoba Puri Vinoba Puri 25/04/2016 082/1.10.2015/145/16.9.2015/28.10.2015 895.00 150 KOS B-610965 1 895.00 English Books

© Delhi Public Library
Hit Counter
free hit counter